书目信息 |
| 题名: |
施工机械管理
|
|
| 作者: | 皋于俊 编 | |
| 分册: | ||
| 出版信息: | 北京 中国铁道出版社 1984 |
|
| 页数: | 180页 | |
| 开本: | 19cm | |
| 丛书名: | ||
| 单 册: | ||
| 中图分类: | TU60 | |
| 科图分类: | ||
| 主题词: | 建筑机械 , 建筑工程--工程施工--设备 | |
| 电子资源: | ||
| ISBN: | ||
| 000 | 00653nam0 2200253 45 | |
| 001 | 0184010971 | |
| 005 | 20040514103557.8 | |
| 010 | @dCNY1.05 | |
| 091 | @a15043.6482 | |
| 100 | @a19950224d1984 em y0chiy0121 ea | |
| 101 | 0 | @achi |
| 102 | @aCN@b110000 | |
| 105 | @ay z 000yy | |
| 106 | @ar | |
| 200 | 10 | @a施工机械管理@Ashi gong ji xie guan li@f皋于俊编 |
| 210 | @a北京@c中国铁道出版社@d1984 | |
| 215 | @a180页@d19cm | |
| 606 | 0 | @a建筑机械 |
| 606 | 0 | @a建筑工程@x工程施工@x设备 |
| 690 | @aTU60 | |
| 701 | 0 | @a皋于俊@Agao yu jun@4编 |
| 801 | 0 | @aCN@b上海图书馆@c20040514 |
| 801 | 2 | @aCN@bNLC@c20040514 |
| 905 | @f2@b125645-646@dTU60@e93 | |
| 施工机械管理/皋于俊编.-北京:中国铁道出版社,1984 |
| 180页;19cm |
| ISBN :CNY1.05 |
| ● |
| 相关链接 |
|
|
|
|
正题名:施工机械管理
索取号:TU60/93
 
预约/预借
| 序号 | 登录号 | 条形码 | 馆藏地/架位号 | 状态 | 备注 |
| 1 | 0125645 | 001484218 | 第三借阅区/ [索取号:TU60/93] | 在馆 | |
| 2 | 0125646 | 001484236 | 密集书库/ [索取号:TU60/93] | 在馆 | |
| 3 | 0125647 | 001484227 | 第二样本阅览室/ [索取号:TU60/93] | 在馆 |